Matematické modely řízení zásob
Uložené v:
| Hlavný autor: | |
|---|---|
| Médium: | Kniha |
| Jazyk: | Czech |
| Vydavateľské údaje: |
Praha
Institut řízení
1980
|
| Tagy: |
Žiadne tagy, Buďte prvý, kto otaguje tento záznam!
|
MARC
| LEADER | 00000nam a2200000 4500 | ||
|---|---|---|---|
| 001 | c119349 | ||
| 005 | 20041019155213.9 | ||
| 041 | 0 | |a cze | |
| 044 | |a CZ | ||
| 245 | 1 | 0 | |a Matematické modely řízení zásob |c Antonín Ter-Manuelianc |
| 264 | 1 | |a Praha |b Institut řízení |c 1980 | |
| 300 | |a 196 s. | ||
| 100 | 1 | |a Ter-Manuelianc, Antonín | |